000 00469nam a2200169Ia 4500
008 230711s9999||||xx |||||||||||||| ||und||
020 _a978-81-265-2934-6
041 _aENG
082 _a621.46
_bBO-P
100 _aBose,Bimal K
245 0 _aPower Electronics and Variable Frequency Drives : Technology and Applications
250 _a1st Ed.
260 _c2017
_aNew Delhi
_bWiley India Pvt.Ltd
300 _a640p.
650 _aElectrical Engineering
942 _cBK
999 _c6584
_d6584